000 00618nam a2200181Ia 4500
008 151018s9999 xx 000 0 und d
082 _bRBASDV43815
_a891.461
100 _aविनायक त्र्यं पाटील
245 _aनिरीच्छ नभ
250 _b1
260 _bशब्दालय प्रकाशन
_c2006
300 _a64
600 _aविनायक त्र्यं पाटील
630 _aनिरीच्छ नभ
700 _aविनायक त्र्यं पाटील
730 _aनिरीच्छ नभ
942 _cBOOK
999 _c1043019
_d1043016